| 000 | 00897nam a2200241 a 4500 | ||
|---|---|---|---|
| 008 | 120416s2001 ||||||||||||||||| || u | ||
| 020 | _a0750651539 | ||
| 050 | _aTA 170 Sus | ||
| 100 | _aLangston, Craig A | ||
| 245 | 1 | 0 | _aSustainable practices in the built environment |
| 246 | _aC. A. Langston | ||
| 250 | _a2nd ed. | ||
| 260 |
_aOxford: _bBUTTERWORTH HEINEMANN _c2001 |
||
| 300 | _axvi, 288 p. : ill. | ||
| 350 | _a0.00 | ||
| 500 | _aIncludes bibliographical references and index. | ||
| 650 | _aENGINEERING | ||
| 650 | 0 | _aENVIRONMENTAL ENGINEERING | |
| 700 | _aDing, Grace K. C | ||
| 856 | _uhttp://www.loc.gov/catdir/toc/els031/2001035007.html | ||
| 856 | _uhttp://www.loc.gov/catdir/description/els031/2001035007.html | ||
| 995 |
_D0.00 _FCBU-MAIN LIBRARY (Kitwe) _H1 _I21.95 _M1 _UAVAILABLE _ZMain Library Open Access Collection |
||
| 999 |
_c59250 _d59250 |
||